| 000 | 00481nam a22001577a 4500 | ||
|---|---|---|---|
| 999 |
_c14955 _d14955 |
||
| 008 | 200203b ||||| |||| 00| 0 eng d | ||
| 020 | _a978-1-68094-757-1 | ||
| 082 |
_22019 _aDC 572 _bEs74 |
||
| 245 |
_aEssentials of biochemistry: _bWorld edition/ |
||
| 260 |
_aNew York: _b3G E-Learning; _c©2019. |
||
| 300 |
_aix, 355 pages: _billustrations; _c24 cm. |
||
| 500 | _aIncludes references and index. | ||
| 650 |
_aBiochemistry _941509 |
||
| 365 |
_b5,500.00 _cPhp |
||
| 942 |
_2ddc _cDC |
||